000 00507nam a22001817a 4500
005 20240924101648.0
008 240924b |||||||| |||| 00| 0 eng d
020 _a040900345 X
041 _aEnglish
082 _a349 JOU
100 _lEnglish
245 _aThe Law of South Africa
250 _aFirst Reissue
260 _aDurban:
_bButterworth Publishers (Pty) Ltd,
_c2002
300 _bvii, 566 pages;
_c26 cm.
650 _aLegal practice
_bLaw
942 _cBK
_6ALISON_BN_VRIES
999 _c3101
_d3101